Statystyki dla Wszyscy zwycięzcy Wyszejszaja Liha

Kliknij tutaj aby rozwiązać quiz!

Ogólne statystyki

  • Ten quiz został rozwiązany 20 razy
  • Średni wynik to 2 z 8

Statystyki odpowiedzi

WygraneOdpowiedź% Poprawnych
15BATE Borysów
100%
8Dynamo Mińsk
72%
1Belshina Bobruisk
6%
1Dnepr Mogilev
6%
1Dynamo Brest
6%
1FK Gomel
6%
3Shakhter Soligorsk
6%
2Slavia Mozyr
6%

Rozkład punktacji

Percentyl według liczby udzielonych odpowiedzi

Procent ludzi z każdym wynikiem

Twoja historia wyników

Nie rozwiązałeś tego quizu